| 000 | 01342nam a2200349 i 4500 | ||
|---|---|---|---|
| 001 | 13384 | ||
| 003 | KOSZ 005 | ||
| 005 | 20190829135815.0 | ||
| 008 | 080729s1965 pl a f f 000 0 pol | ||
| 015 | _aPB 1965/9282 | ||
| 035 | _a(OCoLC)833205953 | ||
| 040 |
_aWA N _cWA N _dKOSZ 005/KK |
||
| 080 | _a656(075):625(075) | ||
| 100 | 1 |
_aMikulski, Antoni. _eAutor |
|
| 245 | 1 | 0 |
_aMechaniczne urządzenia zabezpieczenia ruchu kolejowego / _cAntoni Mikulski. |
| 260 |
_aWarszawa : _bWydawnictwa Komunikacji i Łączności, _c1965. |
||
| 300 |
_a223, [1] strony, [2] karty, tablice : _bilustracje ; _c23 cm. |
||
| 336 |
_2rdacontent _aTekst _btxt |
||
| 337 |
_aBez urządzenia pośredniczącego _2rdamedia _bn |
||
| 338 |
_2rdacarrier _aWolumin _bnc |
||
| 380 | _aKsiążki. | ||
| 504 | _aBibliografia na stronie [224]. | ||
| 521 | 8 | _aPodręcznik tymczasowy dla kl. 4 technikum kolejowego, specjalność zabezpieczenie ruchu kolejowego. | |
| 658 | _aInżynieria i technika | ||
| 655 | 4 | _aPodręczniki dla szkół zawodowych | |
| 650 | 4 | _aBezpieczeństwo | |
| 650 | 4 | _aKolejnictwo | |
| 650 | 4 | _aUrządzenia | |
| 710 | 2 |
_aWydawnictwa Komunikacji i Łączności. _4pbl. |
|
| 856 |
_uhttp://koha.tu.koszalin.pl/cgi-bin/koha/opac-detail.pl?biblionumber=13384 _yKatalog online BPK |
||
| 942 |
_2UKD _cKS |
||
| 999 |
_c13384 _d13384 |
||